| 000 | 00347nam a2200145Ia 4500 | ||
|---|---|---|---|
| 008 | 150301s2005 xx 000 0 und d | ||
| 082 |
_a613.71 _bP05G |
||
| 100 | _aGARDINER ,M. DENA | ||
| 245 | _aTHE PRINCIPLES OF EXERCISE THERAPY | ||
| 250 | _a4TH | ||
| 260 |
_bCBS _aDELHI _c2005 |
||
| 300 | _a302 | ||
| 650 | _aPHYSIOTHERAPY | ||
| 942 |
_2ddc _cBK |
||
| 999 |
_c6546 _d6546 |
||